| 000 | 00507nam a2200145Ia 4500 | ||
|---|---|---|---|
| 008 | 220216s9999 xx 000 0 und d | ||
| 100 | _aSailajadevi T. | ||
| 245 | 0 | _aHas the climate changed in NE India | |
| 260 |
_bInternational Workshop on Climate Change and Rubber Cultivation: R & D Priorities, 28-30 July 2010, Rubber Research Institute of India, Kottayam, pp.6-8. _c2010 |
||
| 650 | _aCliamte change | ||
| 650 | _aClimate variables | ||
| 650 | _aNE India | ||
| 650 | _aRubber culture | ||
| 942 | _cJS | ||
| 999 |
_c60235 _d60235 |
||